Midwestern States of the U.S. - Statistics

General Stats
  • This quiz has been taken 13,820 times
  • The average score is 9 of 12
Answer Stats
State % Correct
Iowa
82%
Kansas
82%
Illinois
79%
Nebraska
78%
Indiana
76%
Ohio
76%
Minnesota
75%
Missouri
75%
Wisconsin
72%
South Dakota
71%
Michigan
70%
North Dakota
70%
No matching quizzes found
Score Distribution
Percent of People with Each Score
Percentile by Number Answered
Your Score History
You have not taken this quiz